000 00373 a2200157 4500
001 156890
020 _a9788508118724
040 _cEscola São Tomás de Aquino
100 _aBELINKY, Tatiana
240 1 0 _aA operação do tio Onofre
_lpor
245 1 0 _aA operação do tio Onofre
300 _a24 p.
362 0 _a2008
697 _a*LITERATURA INFANTO
942 _cBK
999 _c156890
_d156890